Математическое моделирование зажигания лиственного дерева наземным грозовым разрядом с учетом локализации реактивной древесины; Инженерная физика; № 5
| Parent link: | Инженерная физика: научно-технический журнал/ ООО Издательство "Научтехлитиздат".— , 1998- № 5.— 2009.— [С. 52-58] |
|---|---|
| Κύριος συγγραφέας: | |
| Άλλοι συγγραφείς: | |
| Περίληψη: | Заглавие с экрана Представлены физико-математическая постановка и результаты численного решения задачи о зажигании лиственного дерева (березы) наземным грозовым разрядом. Задача рассматривается в плоской постановке в цилиндрической системе координат. Рассмотрены особенности теплопереноса с учетом локализации реактивной древесины. Проведен параметрический анализ и определены условия зажигания ствола дерева в типичном диапазоне изменения параметров воздействия отрицательных и положительных разрядов. Physical and mathematical statement and results of the numerical simulation of a problem about deciduous tree (birch) ignition by ground lightning discharge are presented. The problem is considered in flat statement in cylindrical system of coordinates. Heat transfer features taking into account localization of reactive wood are considered. The parametrical analysis is carried out and conditions of tree trunk ignition in a typical range of parameters of influence of negative and positive discharges are obtained. Режим доступа: по договору с организацией-держателем ресурса |
| Γλώσσα: | Ρωσικά |
| Έκδοση: |
2009
|
| Θέματα: | |
| Διαθέσιμο Online: | http://elibrary.ru/item.asp?id=12610955 |
| Μορφή: | Ηλεκτρονική πηγή Κεφάλαιο βιβλίου |
| KOHA link: | https://koha.lib.tpu.ru/cgi-bin/koha/opac-detail.pl?biblionumber=640740 |
MARC
| LEADER | 00000naa0a2200000 4500 | ||
|---|---|---|---|
| 001 | 640740 | ||
| 005 | 20250310094929.0 | ||
| 035 | |a (RuTPU)RU\TPU\network\5312 | ||
| 035 | |a RU\TPU\network\4749 | ||
| 090 | |a 640740 | ||
| 100 | |a 20150424d2009 k||y0rusy50 ca | ||
| 101 | 0 | |a rus | |
| 102 | |a RU | ||
| 135 | |a drnn ---uucaa | ||
| 181 | 0 | |a i | |
| 182 | 0 | |a b | |
| 200 | 1 | |a Математическое моделирование зажигания лиственного дерева наземным грозовым разрядом с учетом локализации реактивной древесины |d Mathematical simulation of deciduous tree ignition by ground lightning discharge taking into account reactive wood localization |f Н. В. Барановский, Г. В. Кузнецов | |
| 203 | |a Текст |c электронный | ||
| 300 | |a Заглавие с экрана | ||
| 320 | |a [Библиогр.: с. 57-58 (28 назв.)] | ||
| 330 | |a Представлены физико-математическая постановка и результаты численного решения задачи о зажигании лиственного дерева (березы) наземным грозовым разрядом. Задача рассматривается в плоской постановке в цилиндрической системе координат. Рассмотрены особенности теплопереноса с учетом локализации реактивной древесины. Проведен параметрический анализ и определены условия зажигания ствола дерева в типичном диапазоне изменения параметров воздействия отрицательных и положительных разрядов. | ||
| 330 | |a Physical and mathematical statement and results of the numerical simulation of a problem about deciduous tree (birch) ignition by ground lightning discharge are presented. The problem is considered in flat statement in cylindrical system of coordinates. Heat transfer features taking into account localization of reactive wood are considered. The parametrical analysis is carried out and conditions of tree trunk ignition in a typical range of parameters of influence of negative and positive discharges are obtained. | ||
| 333 | |a Режим доступа: по договору с организацией-держателем ресурса | ||
| 461 | |t Инженерная физика |o научно-технический журнал |f ООО Издательство "Научтехлитиздат" |d 1998- | ||
| 463 | |t № 5 |v [С. 52-58] |d 2009 | ||
| 510 | 1 | |a Mathematical simulation of deciduous tree ignition by ground lightning discharge taking into account reactive wood localization |z eng | |
| 610 | 1 | |a электронный ресурс | |
| 610 | 1 | |a труды учёных ТПУ | |
| 610 | 1 | |a грозы | |
| 610 | 1 | |a разряды | |
| 610 | 1 | |a пожары | |
| 610 | 1 | |a генерация | |
| 610 | 1 | |a лиственные леса | |
| 610 | 1 | |a математические модели | |
| 700 | 1 | |a Барановский |b Н. В. |c специалист в области теплотехники |c доцент Томского политехнического университета, кандидат физико-математических наук |f 1978- |g Николай Викторович |3 (RuTPU)RU\TPU\pers\30197 |9 14591 | |
| 701 | 1 | |a Кузнецов |b Г. В. |c специалист в области теплоэнергетики |c профессор Томского политехнического университета, доктор физико-математических наук |f 1949- |g Гений Владимирович |3 (RuTPU)RU\TPU\pers\25528 |9 11458 | |
| 801 | 2 | |a RU |b 63413507 |c 20150424 |g RCR | |
| 856 | 4 | |u http://elibrary.ru/item.asp?id=12610955 | |
| 942 | |c CF | ||